| 000 | 00414nam a2200169Ia 4500 | ||
|---|---|---|---|
| 999 |
_c19765 _d19765 |
||
| 003 | 0100 | ||
| 005 | 20170511092934.0 | ||
| 008 | 130303s9999 xx 000 0 und d | ||
| 040 | _cARRUPELIB | ||
| 050 | _aDT433.545M47M55 1992 | ||
| 100 |
_aM'Imanyara, Alfred M _930770 |
||
| 245 | 4 | _aThe restatement of bantu Origin and Meru history | |
| 260 |
_bLongman Kenya _aNairobi _c1992 |
||
| 300 | _a170p. | ||
| 300 | _b 21cm. | ||
| 650 |
_aMeru (African people) _xOrigin _930771 |
||
| 650 |
_aBantu _xSpeaking people _xHistory _930772 |
||
| 650 |
_aBantu _xSpeaking people _xOrigin _930773 |
||
| 650 |
_aMeru (African people) _xHistory _930767 |
||
| 650 |
_aMeru (African people)- _xSocial life and customs _930774 |
||
| 942 |
_2lcc _cMONOGRAPH |
||